000 00354 a2200169 4500
001 188065
020 _a85-16-03266-3
040 _cMagnum
100 _aBelinky, Tatiana
240 1 0 _aO grande rabanete
_lpor
245 1 0 _aO grande rabanete
300 _a31
362 0 _a2009
440 1 _aModerna
697 _aLITERATURA INFANTIL
942 _cBK
999 _c188065
_d188065